Т. 63, № 6; Микробиология

מידע ביבליוגרפי
Parent link:Микробиология: научный журнал/ Российская академия наук (РАН). Т. 63, № 6.— , 1967-1995.— 0026-3656
שפה:רוסית
יצא לאור: 1994
פורמט: MixedMaterials ספר
KOHA link:https://koha.lib.tpu.ru/cgi-bin/koha/opac-detail.pl?biblionumber=507375

MARC

LEADER 00000nam2a2200000 4500
001 507375
005 20231101103429.0
035 |a (RuTPU)RU\TPU\prd\178544 
035 |a RU\TPU\prd\178542 
090 |a 507375 
100 |a 20130523a19949999k y0rusy50 ca 
101 0 |a rus 
102 |a UA 
200 0 |a Т. 63, № 6 
210 |d 1994 
461 1 |0 (RuTPU)RU\TPU\prd\257  |x 0026-3656  |t Микробиология  |o научный журнал  |f Российская академия наук (РАН)  |v Т. 63, № 6  |d 1967-1995 
801 0 |a RU  |b 63413507  |c 20010227  |g PSBO 
801 1 |a RU  |b 63413507  |c 20130522 
801 2 |a RU  |b 63413507  |c 20130523  |g RCR 
942 |c BK 
999 |a НТБ_ТПУ  |b НФ  |e -4/20130109  |p П-3476  |u 0,00  |v 1